00436 2200181 4500001002100000005001500021008004100036020002200077035001900099041000700118082000800125090001400133100001300147245003400160260003000194300002000224650001000244INLIS00000000001009720241224113936241224||||||||| | ||| |||| || |  a978-602-8442-11-4 0010-1224010097 aid0 a505 a505 KEB n0 aKebamoto00aNanosamo si idiot vs profesor aJakartabforum kitac2009 a123hlm,;13x19cm 0aSains